000
00313nam a22001337a 4500
008
210225b ||||| |||| 00| 0 eng d
020
_a
9780130812940
041
_a
eng
080
_2
5th
_a
32
100
_a
21
101
_a
SHK
245
_a
Computer Organization and Architecture
_c
Stallings,W
942
_2
udc
_c
BK
999
_c
55219
_d
55219